000 00490nas a2200181 a 4500
001 000037308
005 20200930080300.0
008 120323c19999999dr mr1p d 0 0spa d
040 _aDO-SdBNP
_bspa
_cBNPHU
043 _anwdr
245 0 0 _aPC world :
_bIDG.
260 _aSanto Domingo :
_bil.,
_c1999.
300 _av.- ;
_c29 cm.
310 _aMensual
362 1 _aAño 4. no. 10 (octubre 1999)
500 _aCatalogación basada en :
650 0 _aAño 4. no. 10 (octubre 1999)
_963755
999 _c36798
_d36798